Normal view
MARC view
- Shipwrecks
Entry Topical Term
001 - CONTROL NUMBER
- control field: 12158
003 - CONTROL NUMBER IDENTIFIER
- control field: NUST
005 - DATE AND TIME OF LATEST TRANSACTION
- control field: 20180731085833.0
008 - FIXED-LENGTH DATA ELEMENTS
- fixed length control field: 180731|| aca||aabn | a|a d
040 ## - CATALOGING SOURCE
- Original cataloging agency: NUST
- Transcribing agency: NUST
150 ## - HEADING--TOPICAL TERM
- Topical term or geographic name entry element: Shipwrecks
- Form subdivision: Fiction.
670 ## - SOURCE DATA FOUND
- Source citation: Work cat.: (NUST)174478: Cussler, Clive. 12104, Raise the Titanic! /, 1977.
